Score 0/24 Timer 03:00
6 Plays Today
Clue 6-Letter Word % Correct
Mark Twain's 'The Prince and the ___'PAUPER
93.5%
Cyndi of 'Girls Just Want to Have Fun'LAUPER
93.3%
Place to put dirty laundryHAMPER
90.5%
Treat with extreme care and attentionPAMPER
86.9%
Classic haircut of Billy Ray CyrusMULLET
86%
Location for money and credit cardsWALLET
83.9%
A type of hammerMALLET
82.2%
Famed TV news anchor CronkiteWALTER
80.4%
What you're solving nowLADDER
77.4%
Daft Punk's '___, Better, Faster, Stronger'HARDER
74%
Actress Valerie or TessHARPER
73.5%
1982 Heisman Trophy winner HerschelWALKER
67.2%
Clue 6-Letter Word % Correct
A boxer under 147 poundsWELTER
66.8%
A food pantryLARDER
66.5%
Added spices and heat to wineMULLED
65.2%
Actor Christopher of 'The Deer Hunter'WALKEN
64.3%
Henry David Thoreau's pondWALDEN
59.1%
Famed sports announcer JohnMADDEN
58.9%
Removed the sharp edge fromDULLED
56.7%
Jazz pianist 'Fats' of 'Ain't Misbehavin' 'WALLER
54.7%
Stephen King's 'Rose ___'MADDER
52.6%
Actor Karl of 'A Streetcar Named Desire'MALDEN
52.5%
Actor Peter of 'RoboCop'WELLER
49.7%
US Secretary of State: John Foster ___DULLES
37.8%

Today's Daily Dose

Remove Ads.
Support Sporcle.
Get the best of Sporcle when you Go Orange. This ad-free experience offers more features, more stats, and more fun while also helping to support Sporcle. Thank you for becoming a member.

You're not logged in!

Compare scores with friends on all Sporcle quizzes.
OR
Log In

Show Comments

Extras

Top Quizzes Today


Score Distribution

Your Account Isn't Verified!

In order to create a playlist on Sporcle, you need to verify the email address you used during registration. Go to your Sporcle Settings to finish the process.

Report this User

Report this user for behavior that violates our Community Guidelines.

Details: